000 00589nam a2200181 i 4500
001 41137
003 ES-MaACL
005 20230906160359.0
007 t|
008 030310s1964 sp ||||1| spa d
100 1 _aCara, M.
_934919
245 1 0 _aUrgencias respiratorias
_b: primeros auxilios /
_cpor M. Cara, M. Poisvert ; versión española de F. Cervantes Gimeno.
260 _aBarcelona :
_bToray Masson,
_c1964.
300 _aXII, 126 p. :
_bil. ;
_c21 cm.
700 1 _aPoisvert, M.
_992774
700 1 _aCervantes Gimeno, Fernando.
_937591
852 _aES-MaACL
_jC-27437
_bR.55587
999 _c41137
_d41137